000 00452nam a2200181Ia 4500
001 18020
005 20260306171600.0
008 260306s9999||||xx |||||||||||||| ||und||
041 _aESP
082 _a658.314
_bL28
100 _aLatham, Gary P.
_eAUT
245 0 _aWork motivation:
_bhistory, theory, research, and practice
260 _c2012
300 _a424 páginas :
_c23 cm.
650 _aGEN
654 _aCAN
942 _cLIB
_dJUS
_fJUS
_2ddc
_n
999 _c18020
_d18020